¿Quién quiere ser millonario?

Jamal Malik es un adolescente pobre de los suburbios de Bombay que participa en la versión hindú del popular programa "¿Quién quiere ser millonario?". A punto de conseguir 20 millones de rupias, que es el premio máximo del concurso, el joven es interrogado por la policía, que sospecha que...

Descripción completa

Guardado en:
Autor Principal: Boyle, Danny.
Autor Corporativo: Film4.
Otros Autores: Beaufoy, Simon; Guion., Swarup, Vikas; Novela., Patel, Dev; Reparto., Pinto, Freida; Reparto., Kapoor, Anil; Reparto., Khan, Irrfan; Reparto.
Formato: Deslizar
Idioma:Undetermined
Publicado: Reino Unido : Pathé Pictures International, 2008.
Materias:
Etiquetas: Agregar Etiqueta
Sin Etiquetas, Sea el primero en etiquetar este registro!
LEADER 01359ngm a22002775a 4500
001 CEM.cems020231
008 230626s2008####xx#---############vlund#d
005 20230626204346.0
245 1 0 |a ¿Quién quiere ser millonario?  |h [videograbación] /  |c Danny Boyle, Loveleen Tandan. 
260 |a Reino Unido :  |b Pathé Pictures International,  |c 2008. 
300 |a 120'. 
520 |a Jamal Malik es un adolescente pobre de los suburbios de Bombay que participa en la versión hindú del popular programa "¿Quién quiere ser millonario?". A punto de conseguir 20 millones de rupias, que es el premio máximo del concurso, el joven es interrogado por la policía, que sospecha que está haciendo trampas. Pero para cada una de las preguntas, Jamal tiene una respuesta. 
590 |a Identificación anterior: 78 
538 |a Soporte: DVD -- Formato: DVD – Peso: 4.33 gb -- Resolución: 720 x 480 -- 29.97fps 
500 |a Título original: Slumdog Millionaire. 
100 1 |a Boyle, Danny. 
700 1 |a Beaufoy, Simon; Guion. 
700 1 |a Swarup, Vikas; Novela. 
700 1 |a Patel, Dev; Reparto. 
700 1 |a Pinto, Freida; Reparto. 
700 1 |a Kapoor, Anil; Reparto. 
700 1 |a Khan, Irrfan; Reparto. 
710 2 |a Film4. 
653 |a LARGOMETRAJE 
653 |a FICCIÓN 
859 |a CEMS  |b BIB. CEMS - Depto. Recursos Didacticos  |h 778.5  |i BOY  |k DRD  |p 3034.23  |t Ej.2